000 00463cam a2200157 4500500
005 20260405002340.0
041 _afre
042 _adc
245 0 0 _aZoopolis
260 _c2016.
500 _a13
690 _aSue Donaldson
690 _aWill Kymlicka
786 0 _nPhilosophie magazine | 105 | 12-1 | 2016-12-01 | p. 64-64 | 1951-1787
856 4 1 _uhttps://shs.cairn.info/magazine-philosophie-magazine-2016-12-1-page-64?lang=fr&redirect-ssocas=7080
999 _c2056885
_d2056885